000 00407nam a2200133Ia 4500
005 20260328101521.0
008 260328s9999||||xx |||||||||||||| ||und||
100 _aArrarás, María Teresa
245 0 _aLa Ciudad Pensada :
_b Utopías y emblemas Urbanos para la Construcción del Nuevo Mundo /
_cMaría Teresa Arrarás
260 _bLa Casa del Libro
300 _a20 p.
650 _aURBANISMO
942 _cBK
999 _c9598
_d9598